[Event "Colombo Golden Jubilee op"]
[Site "Colombo"]
[Date "2022.11.27"]
[Round "9"]
[White "Kottage, KM Nilash Nethul"]
[Black "Umer, SM."]
[Result "0-1"]
[WhiteElo "1217"]
[BlackElo "1673"]
[PlyCount "76"]
[EventDate "2022.11.23"]
[EventType "swiss"]
[EventRounds "9"]
[EventCountry "SRI"]
[SourceTitle "CBM 211 Extra"]
[Source "ChessBase"]
[SourceDate "2023.01.31"]
[SourceVersion "1"]
[SourceVersionDate "2023.01.31"]
[SourceQuality "1"]

1. d4 Nf6 2. Bf4 g6 3. e3 Bg7 4. Nf3 d6 5. c4 Nh5 6. Bg3 0-0 7. Nc3 Nc6 8. Be2 Nxg3 9. hxg3 e5 10. d5 Ne7 11. 0-0 h6 12. Rc1 f5 13. b4 f4 14. exf4 exf4 15. gxf4 Rxf4 16. Qd2 g5 17. Bd3 Bg4 18. Nh2 Bh5 19. Qe3 Be5 20. Ne2 Nf5 21. Bxf5 Rxf5 22. Ng3 Bxg3 23. Qe6+ Rf7 24. fxg3 Qf8 25. g4 Re8 26. Rxf7 Bxf7 27. Qf5 Qg7 28. Nf3 Bg6 29. Qe6+ Rxe6 30. dxe6 Be4 31. Re1 Bxf3 32. gxf3 Kf8 33. e7+ Ke8 34. b5 Qd4+ 35. Kg2 Qd2+ 36. Kf1 Qxa2 37. Re4 d5 38. cxd5 Qxd5 0-1

[Event "Asia-ch Amateur"]
[Site "Muscat"]
[Date "2022.10.05"]
[Round "9"]
[White "Thapa, Krishna"]
[Black "Umer, SM."]
[Result "1-0"]
[WhiteElo "1928"]
[BlackElo "1631"]
[PlyCount "79"]
[EventDate "2022.09.29"]
[EventType "swiss"]
[EventRounds "9"]
[EventCountry "OMN"]
[SourceTitle "CBM 210 Extra"]
[Source "ChessBase"]
[SourceDate "2022.11.30"]
[SourceVersion "1"]
[SourceVersionDate "2022.11.30"]
[SourceQuality "1"]

1. d4 Nf6 2. c4 g6 3. g3 Bg7 4. Bg2 d6 5. Nc3 0-0 6. Nf3 c6 7. 0-0 Qa5 8. e4 Qh5 9. Re1 Bg4 10. Qd3 e5 11. d5 cxd5 12. Nxd5 Nxd5 13. cxd5 Na6 14. Bd2 Nc5 15. Qa3 a5 16. h4 f5 17. Ng5 f4 18. Rac1 Bh6 19. gxf4 Qxh4 20. Ne6 Bxe6 21. dxe6 Bxf4 22. Bxf4 Rxf4 23. f3 Ra6 24. Red1 Qe7 25. Qe3 Nxe6 26. Rc8+ Kg7 27. Rdc1 Nc5 28. Qd2 Rf8 29. Rxf8 Qxf8 30. Qd5 Qe7 31. a3 a4 32. Rc3 Rb6 33. Rc2 Qg5 34. f4 Qxf4 35. Rf2 Qe3 36. Qf7+ Kh6 37. Qf8+ Kh5 38. Kh2 Nd3 39. Bf3+ Kg5 40. Rg2+ 1-0

[Event "Asia-ch Amateur"]
[Site "Muscat"]
[Date "2022.10.03"]
[Round "7"]
[White "Owlad, Ehsan"]
[Black "Umer, SM."]
[Result "1/2-1/2"]
[WhiteElo "1962"]
[BlackElo "1631"]
[PlyCount "80"]
[EventDate "2022.09.29"]
[EventType "swiss"]
[EventRounds "9"]
[EventCountry "OMN"]
[SourceTitle "CBM 210 Extra"]
[Source "ChessBase"]
[SourceDate "2022.11.30"]
[SourceVersion "1"]
[SourceVersionDate "2022.11.30"]
[SourceQuality "1"]

1. d4 Nf6 2. Nf3 g6 3. g3 Bg7 4. Bg2 0-0 5. 0-0 d6 6. Nbd2 d5 7. Re1 c5 8. c3 cxd4 9. cxd4 Nc6 10. b3 Ne4 11. Bb2 Qb6 12. Nxe4 dxe4 13. Ne5 Nxe5 14. dxe5 Bf5 15. Qd4 Qxd4 16. Bxd4 Rfd8 17. Rad1 Rd7 18. e3 Rad8 19. Rc1 b6 20. g4 Bxg4 21. Bxe4 f6 22. Bc6 fxe5 23. Bxd7 Rxd7 24. Bc3 e4 25. Bxg7 Kxg7 26. Kg2 Bf3+ 27. Kg3 Rd5 28. h4 g5 29. Rg1 gxh4+ 30. Kh3+ Kf6 31. Rc2 Rf5 32. Rc6+ e6 33. Rg8 Rd5 34. Re8 Rd1 35. Rexe6+ Kf5 36. Kxh4 Rh1+ 37. Kg3 Rg1+ 38. Kh3 Rh1+ 39. Kg3 Rg1+ 40. Kh2 Rh1+ 1/2-1/2

[Event "Asia-ch Amateur"]
[Site "Muscat"]
[Date "2022.10.01"]
[Round "3"]
[White "Nadeem, Aziz"]
[Black "Umer, SM."]
[Result "0-1"]
[WhiteElo "1797"]
[BlackElo "1631"]
[PlyCount "96"]
[EventDate "2022.09.29"]
[EventType "swiss"]
[EventRounds "9"]
[EventCountry "OMN"]
[SourceTitle "CBM 210 Extra"]
[Source "ChessBase"]
[SourceDate "2022.11.30"]
[SourceVersion "1"]
[SourceVersionDate "2022.11.30"]
[SourceQuality "1"]

1. d4 Nf6 2. Nf3 g6 3. c4 Bg7 4. Nc3 0-0 5. e4 d6 6. Be2 e5 7. 0-0 Nc6 8. d5 Ne7 9. Ne1 Ne8 10. Nd3 f5 11. f3 f4 12. Bd2 g5 13. c5 h5 14. cxd6 cxd6 15. Nf2 Ng6 16. Rc1 Rf7 17. a4 Nf6 18. h3 Bf8 19. Qc2 a6 20. b4 g4 21. hxg4 hxg4 22. fxg4 Rh7 23. Qd1 Rh4 24. a5 Bd7 25. Na4 Qe7 26. Nb6 Rd8 27. Rc7 Rh8 28. Rxb7 Qh7 29. Nh3 Nxe4 30. Nxd7 Rxd7 31. Rxd7 Qxd7 32. Qc2 Qa7+ 33. Kh2 Qd4 34. Be1 Ne7 35. Bxa6 Ng5 36. Bf2 Qxb4 37. Be1 Qa3 38. Be2 Nxh3 39. Bf3 Ng5+ 40. Kg1 Qe3+ 41. Qf2 Nxf3+ 42. gxf3 Nxd5 43. a6 Rh7 44. Qxe3 fxe3 45. Kg2 Nf4+ 46. Kg1 e2 47. Rf2 Nh3+ 48. Kg2 Nxf2 0-1

[Event "Asia-ch Amateur"]
[Site "Muscat"]
[Date "2022.10.01"]
[Round "4"]
[White "Umer, SM."]
[Black "Shahali, Milad"]
[Result "1/2-1/2"]
[WhiteElo "1631"]
[BlackElo "1910"]
[PlyCount "48"]
[EventDate "2022.09.29"]
[EventType "swiss"]
[EventRounds "9"]
[EventCountry "OMN"]
[SourceTitle "CBM 210 Extra"]
[Source "ChessBase"]
[SourceDate "2022.11.30"]
[SourceVersion "1"]
[SourceVersionDate "2022.11.30"]
[SourceQuality "1"]

1. d4 Nf6 2. Nf3 e6 3. Bf4 d5 4. e3 Bd6 5. Nbd2 0-0 6. Bg3 b6 7. c3 c5 8. Ne5 Qc7 9. f4 Ne4 10. Nxe4 dxe4 11. a3 Nd7 12. Be2 f6 13. Nc4 Bb7 14. Nxd6 Qxd6 15. f5 Qd5 16. c4 Qc6 17. fxe6 Qxe6 18. d5 Qe7 19. 0-0 f5 20. h4 g6 21. Qe1 Qf6 22. Qd1 Qe7 23. Be1 Ne5 24. g3 g5 1/2-1/2